KOHA-Header-6

ڈوکیومینٹری: تاریخ و ارتقا (Record no. 13827)

000 -LEADER
fixed length control field 00313nam a22001217a 4500
020 ## - INTERNATIONAL STANDARD BOOK NUMBER
ISBN 9789699163111
082 ## - DEWEY DECIMAL CLASSIFICATION NUMBER
Classification number 954.91
100 ## - MAIN ENTRY--AUTHOR NAME
Personal name ناظم الدین
245 ## - TITLE STATEMENT
Title ڈوکیومینٹری: تاریخ و ارتقا
260 ## - PUBLICATION, DISTRIBUTION, ETC. (IMPRINT)
Name of publisher آشیانہ پبلیکیشنز
Year of publication 2019
300 ## - PHYSICAL DESCRIPTION
Number of Pages 299 صفحات
942 ## - ADDED ENTRY ELEMENTS (KOHA)
Koha item type Books
Holdings
Withdrawn status Lost status Collection code Permanent Location Current Location Shelving location Date acquired Full call number Accession Number Koha item type
    Urdu Literature MAJU MAJU Shelf No.A12 2023-10-30 954.91 10920 Books

Powered by Koha